000 00879nas a2200277 4500
001 BR0105105
003 BR-BrBNA
005 20231205102525.0
007 ta
008 230509b bl.|||p| |||| 00| 00por d
040 _aBR-BrBNA
_bpor
_cBiblioteca Nacional de Agricultura
041 _a(Pt)
072 _aF08; H10
100 1 _aAndrade, N.C. de
100 1 _aPonte, J.J. da
245 1 _aEfeito do sistema de plantio em camalhao e do consorcio com Crotalaria spectabilis no controle de Meloidogyne incognita em quiabeiro
650 _aQuiabo
650 _aCamalhao
650 _aControle Cultural
650 _aMeloidoginose
650 _aConsorciacao de Cultura
650 _aNematoide
773 0 _tNematologia Brasileira (Brazil)
_xISSN 0102-2997
_g(Jun 1999), v. 23(1) p. 11-16
_wBR0105105
909 _a202311
_bLúcia
_c55
_dLúcia Elande
942 _2AGRIS
_n0
_cANA
999 _c168010
_d168010